000 01028nmm a2200289 a 4500
001 ocm0002146047
003 TR-IsHL
005 20201028182702.0
008 190205s2018 tu tur
007 cr cn
020 _a9786052811719
035 _a2146047
_b(N$T)
050 0 4 _aVM299.5
_b.R57 2018
090 0 4 _aVM299.5
_b.R57 2018
245 1 0 _aRiskli bir yatırım projesi olarak gemi yatırımlarının finansal değerlemesi: Simülasyon yaklaşım
_h[electronic resource] /
_cyayına hazırlayan Umut Tolga Gümüş
250 _a1. Baskı
260 _aİstanbul :
_bHiperlink Yayınları,
_c2018
300 _a378 p.
500 _aKaynakça var.
650 4 _aAskeri Bilimler
650 4 _aMilitary Sciences
650 0 _aGemi mühendisliği
650 0 _aSeamanship
_x Engineering
650 7 _aBUSINESS & ECONOMICS / Industries / Transportation
_2bisacsh
700 1 _aGümüş, Umut Tolga
856 4 0 _uhttp://search.ebscohost.com/login.aspx?direct=true&scope=site&db=e011xww&AN=2146047
999 _c20184
_d20184